000
00269nam a22001217a 4500
003
SGT
082
_a
LAN
100
_a
LANDER, JARED P.
245
_a
R. FOR EVERYONE ADVANCED ANALYTIC AND GRAPHIC
260
_a
PEARSON INDIA
_c
2015
300
_a
432
942
_2
ddc
_c
BK
_0
6
999
_c
14280
_d
14280